[Event "15.Offene Südharz-Meisterschaft"]
[Site "Schloss Mansfeld"]
[Date "2022.12.17"]
[Round "2.2"]
[White "Udelnov, Valentin"]
[Black "Groebel, Aaron"]
[Result "1-0"]
[WhiteElo "1960"]
[BlackElo "2102"]
[PlyCount "49"]
[EventDate "2022.??.??"]

1. e4 g6 2. d4 Bg7 3. Bc4 c6 4. Qf3 e6 5. d5 cxd5 6. exd5 Ne7 7. Nc3 O-O 8.
Nge2 Nf5 9. Bd2 Nd6 10. Bb3 e5 11. h4 h6 12. g4 Na6 13. a3 Nc5 14. Ba2 b6 15.
Ng3 Ba6 16. h5 g5 17. O-O-O Rc8 18. Nce4 Ncxe4 19. Nxe4 Nb5 20. Bxg5 Nxa3 21.
bxa3 Qc7 22. Bb3 hxg5 23. h6 Bh8 24. h7+ Kg7 25. Qf6# 1-0

[Event "15.Offene Südharz-Meisterschaft"]
[Site "Schloss Mansfeld"]
[Date "2022.12.17"]
[Round "3.1"]
[White "Kraus, Sebastian"]
[Black "Kasper, Mike"]
[Result "1-0"]
[WhiteElo "1995"]
[BlackElo "1670"]
[PlyCount "131"]
[EventDate "2022.??.??"]

1. e4 c5 2. Nf3 Nc6 3. Bb5 Nd4 4. Nxd4 cxd4 5. c3 Qb6 6. Qa4 a6 7. Bd3 e5 8.
O-O Qc6 9. b3 Qxa4 10. bxa4 Bc5 11. Bb2 dxc3 12. Nxc3 Ne7 13. Rfc1 d6 14. Rab1
b6 15. Kf1 Be6 16. Ba1 O-O 17. Rc2 f5 18. exf5 Nxf5 19. Ne4 Rfb8 20. Nxc5 bxc5
21. Rcb2 Rxb2 22. Rxb2 Nd4 23. Rb6 Bxa2 24. Bxd4 exd4 25. a5 c4 26. Be4 Rd8 27.
Bd5+ Kf8 28. Rc6 Rb8 29. Bxc4 Bxc4+ 30. Rxc4 d3 31. f3 Rb5 32. Rc6 Rxa5 33.
Rxd6 Ra3 34. Kf2 a5 35. Ke3 a4 36. Rd7 Ra1 37. Ra7 a3 38. Kxd3 a2 39. h4 Ke8
40. Kc2 Rg1 41. Rxa2 Rxg2 42. Ra5 Rg3 43. Rf5 Ke7 44. Kd3 g6 45. Rf4 g5 46.
hxg5 Rxg5 47. Rh4 Rd5+ 48. Ke3 h5 49. d4 Kf6 50. Re4 Ra5 51. Kf4 Rf5+ 52. Kg3
Rg5+ 53. Kf2 Ra5 54. Ke3 Kf5 55. Rf4+ Kg5 56. Ke4 h4 57. Rf8 Ra1 58. Rg8+ Kf6
59. Rg4 h3 60. Rh4 Rh1 61. Kf4 Ke6 62. Kg3 Kd5 63. Rxh3 Rxh3+ 64. Kxh3 Kxd4 65.
Kg4 Ke5 66. Kg5 1-0

[Event "15.Offene Südharz-Meisterschaft"]
[Site "Schloss Mansfeld"]
[Date "2022.12.17"]
[Round "3.2"]
[White "Seidemann, Erik"]
[Black "Udelnov, Valentin"]
[Result "0-1"]
[WhiteElo "1324"]
[BlackElo "1960"]
[PlyCount "52"]
[EventDate "2022.??.??"]

1. e4 e5 2. Nf3 Nc6 3. Nc3 Nf6 4. Bb5 d6 5. d4 exd4 6. Nxd4 Bd7 7. O-O Be7 8.
Bxc6 bxc6 9. Re1 O-O 10. Bg5 h6 11. Bxf6 Bxf6 12. f4 Re8 13. Qf3 Bxd4+ 14. Kh1
Rb8 15. Rab1 Qf6 16. f5 Bxc3 17. bxc3 d5 18. Rxb8 Rxb8 19. exd5 cxd5 20. Qxd5
Qxc3 21. Rd1 Bc6 22. Qd3 Qxd3 23. cxd3 Rb2 24. Rg1 Rxa2 25. h3 Rxg2 26. Rxg2 a5
0-1

[Event "15.Offene Südharz-Meisterschaft"]
[Site "Schloss Mansfeld"]
[Date "2022.12.17"]
[Round "3.3"]
[White "Lehmann, Taylor"]
[Black "Niederdorfer, Mathias"]
[Result "1-0"]
[WhiteElo "1780"]
[BlackElo "1619"]
[PlyCount "131"]
[EventDate "2022.??.??"]

1. d4 f5 2. c4 Nf6 3. Nf3 d6 4. g3 c6 5. Nc3 g6 6. h4 Bg7 7. e3 Nbd7 8. Ng5 Nb6
9. h5 h6 10. Nf3 g5 11. Bd3 Qc7 12. Qc2 e6 13. e4 Bd7 14. Be3 fxe4 15. Nxe4
O-O-O 16. c5 dxc5 17. dxc5 Nbd5 18. Nd6+ Kb8 19. Bd2 Rdf8 20. Ne5 Ne8 21. Ng6
Nxd6 22. cxd6 Qxd6 23. O-O Bd4 24. Kg2 Nb4 25. Bxb4 Qxb4 26. Rab1 c5 27. a3 Qb6
28. Nxh8 Bxh8 29. b4 Bd4 30. Be4 c4 31. a4 Bc6 32. b5 Bd5 33. Bxd5 exd5 34. Qg6
c3 35. Qd3 Qc5 36. Rbd1 c2 37. Rd2 c1=Q 38. Rxc1 Qxc1 39. Qxd4 Rd8 40. Qe5+ Qc7
41. Rxd5 Qxe5 42. Rxe5 Rd4 43. a5 Ra4 44. b6 axb6 45. axb6 Kc8 46. Re6 g4 47.
Rxh6 Ra5 48. Rh7 Rb5 49. Rh6 Kd7 50. Rg6 Rxh5 51. Rxg4 Kc6 52. Rg6+ Kc5 53. f4
Rh7 54. Kf3 Kd5 55. Kg4 Ke4 56. Kg5 Rf7 57. Re6+ Kf3 58. Kg6 Rf8 59. f5 Rg8+
60. Kf7 Rxg3 61. f6 Kf4 62. Ke7 Kf5 63. f7 Rg7 64. Rd6 Ke5 65. Rh6 Kf5 66. Ke8
1-0

[Event "15.Offene Südharz-Meisterschaft"]
[Site "Schloss Mansfeld"]
[Date "2022.12.17"]
[Round "3.4"]
[White "Syre, Christian"]
[Black "Gersemann, Olaf"]
[Result "1-0"]
[WhiteElo "2154"]
[BlackElo "1142"]
[PlyCount "53"]
[EventDate "2022.??.??"]

1. d4 d5 2. c4 e5 3. dxe5 d4 4. Nf3 Nc6 5. g3 Be6 6. Nbd2 Bb4 7. Qc2 Qd7 8. Bg2
Nge7 9. O-O Bh3 10. Rd1 Bxg2 11. Kxg2 Ng6 12. Nb3 O-O-O 13. Be3 Ngxe5 14. Nbxd4
Nxf3 15. Nxf3 Qe6 16. c5 Rxd1 17. Qxd1 Rd8 18. Qc2 Qd5 19. a3 Bxc5 20. Qxc5 Qe6
21. Rc1 Kb8 22. b4 Rd5 23. Qf8+ Nd8 24. Bf4 Rd7 25. Rxc7 Rxc7 26. Qxd8+ Qc8 27.
Bxc7+ 1-0

[Event "15.Offene Südharz-Meisterschaft"]
[Site "Schloss Mansfeld"]
[Date "2022.12.17"]
[Round "3.5"]
[White "Schmid, Walter"]
[Black "Ziegenfuss, Antonia"]
[Result "0-1"]
[WhiteElo "1700"]
[BlackElo "2154"]
[PlyCount "104"]
[EventDate "2022.??.??"]

1. e4 c5 2. d4 cxd4 3. c3 dxc3 4. Nxc3 Nc6 5. Nf3 d6 6. Bc4 a6 7. O-O Nf6 8. e5
dxe5 9. Qxd8+ Nxd8 10. Nxe5 e6 11. Rd1 Be7 12. Be3 O-O 13. Bb6 Nc6 14. Nxc6
bxc6 15. Ba5 Nd5 16. Rac1 Bb7 17. a3 Rac8 18. Na4 c5 19. Nb6 Nxb6 20. Bxb6 Bd8
21. Bxd8 Rfxd8 22. f3 Kf8 23. Kf2 Rxd1 24. Rxd1 Ke7 25. Ke3 Rd8 26. Rc1 a5 27.
Bd3 Rc8 28. b3 Kd6 29. a4 Bd5 30. Rc3 Rb8 31. Bb5 g5 32. g3 f5 33. f4 gxf4+ 34.
Kxf4 Rg8 35. h3 Rg7 36. Rd3 Rb7 37. Bc4 Rb4 38. h4 Ke7 39. Kg5 Bxc4 40. bxc4
Rxc4 41. Kh6 Rg4 42. h5 c4 43. Rc3 Kf6 44. Kxh7 Rg7+ 45. Kh6 Rc7 46. Rf3 c3 47.
g4 c2 48. g5+ Ke5 49. Rf1 c1=Q 50. Rxc1 Rxc1 51. Kg6 Rh1 52. h6 Kf4 0-1

[Event "15.Offene Südharz-Meisterschaft"]
[Site "Schloss Mansfeld"]
[Date "2022.12.17"]
[Round "3.6"]
[White "Haubold, Christian"]
[Black "Petzold, Johannes Julius"]
[Result "1-0"]
[WhiteElo "2006"]
[BlackElo "1678"]
[PlyCount "59"]
[EventDate "2022.??.??"]

1. e4 c5 2. Nf3 Nc6 3. d4 cxd4 4. Nxd4 Nf6 5. Nc3 e5 6. Ndb5 d6 7. Bg5 Be7 8.
Bxf6 Bxf6 9. Nxd6+ Kf8 10. Nxc8 Rxc8 11. Qxd8+ Rxd8 12. Nd5 Bg5 13. h4 Bh6 14.
g4 Bf4 15. c3 h5 16. g5 Ne7 17. Bc4 b6 18. Rd1 Nxd5 19. Bxd5 Ke7 20. Ke2 Rd6
21. c4 Rc8 22. b4 Rc7 23. Rh3 f6 24. g6 b5 25. c5 Rd8 26. Ra3 Rb8 27. Ra6 Bh6
28. Bf7 Rd8 29. Re6+ Kf8 30. Rxd8# 1-0

[Event "15.Offene Südharz-Meisterschaft"]
[Site "Schloss Mansfeld"]
[Date "2022.12.17"]
[Round "3.7"]
[White "Zander, Luca"]
[Black "Ziegenfuss, Holger"]
[Result "0-1"]
[WhiteElo "1665"]
[BlackElo "2002"]
[PlyCount "57"]
[EventDate "2022.??.??"]

1. e4 d6 2. d4 g6 3. Be3 Bg7 4. Be2 Nd7 5. f3 c6 6. h4 Ngf6 7. Qd2 e5 8. c3 h6
9. a4 Qe7 10. Na3 d5 11. exd5 Nxd5 12. Bf2 Nf4 13. g3 Nxe2 14. Nxe2 O-O 15.
O-O-O Qe6 16. Kb1 Qf5+ 17. Qd3 Nb6 18. a5 Qxd3+ 19. Rxd3 Bf5 20. Rhd1 Nd5 21.
Kc1 Bxd3 22. Rxd3 exd4 23. Bxd4 Rfe8 24. Kd2 Bf8 25. Nc4 Re6 26. Ne3 Nxe3 27.
Bxe3 h5 28. Nf4 Ree8 29. Kc2 0-1

[Event "15.Offene Südharz-Meisterschaft"]
[Site "Schloss Mansfeld"]
[Date "2022.12.17"]
[Round "3.8"]
[White "Duzy, Stefan"]
[Black "Groebel, Henning"]
[Result "1-0"]
[WhiteElo "1975"]
[BlackElo "1601"]
[PlyCount "51"]
[EventDate "2022.??.??"]

1. e4 d6 2. Nc3 g6 3. f4 Bg7 4. Nf3 Nf6 5. Bc4 O-O 6. O-O c6 7. Bb3 b5 8. Qe1
Ba6 9. d3 e6 10. f5 exf5 11. Qh4 d5 12. exf5 Bc8 13. Bh6 Bxh6 14. Qxh6 Qb6+ 15.
Kh1 Ng4 16. Qh4 Bxf5 17. h3 Ne3 18. Qh6 Nxf1 19. Ng5 Ng3+ 20. Kh2 Nf1+ 21. Rxf1
Qc7+ 22. g3 f6 23. Nxd5 Qg7 24. Ne7+ Kh8 25. Qxg7+ Kxg7 26. Nxf5+ 1-0

[Event "15.Offene Südharz-Meisterschaft"]
[Site "Schloss Mansfeld"]
[Date "2022.12.17"]
[Round "3.10"]
[White "Stieber, Mike"]
[Black "Zehe, Marc-Kevin"]
[Result "1/2-1/2"]
[WhiteElo "1636"]
[BlackElo "1920"]
[PlyCount "66"]
[EventDate "2022.??.??"]

1. d4 f5 2. c4 Nf6 3. Nc3 d6 4. Nf3 g6 5. e3 Bg7 6. Be2 O-O 7. O-O c6 8. Qc2
Qe8 9. b4 e5 10. dxe5 dxe5 11. Bb2 h6 12. c5 g5 13. Bc4+ Kh8 14. Ne2 Ne4 15.
Nd2 Nxd2 16. Qxd2 Be6 17. Qc2 Nd7 18. Qb3 Bxc4 19. Qxc4 Nf6 20. Rad1 Nd5 21.
Nc3 Nxc3 22. Bxc3 Rd8 23. Qb3 Qe7 24. h3 f4 25. Rxd8 Rxd8 26. Rd1 fxe3 27. fxe3
Rxd1+ 28. Qxd1 e4 29. Bxg7+ Kxg7 30. Qd4+ Kg6 31. a4 a6 32. Kf2 Qf7+ 33. Kg1
Qe7 1/2-1/2

[Event "15.Offene Südharz-Meisterschaft"]
[Site "Schloss Mansfeld"]
[Date "2022.12.17"]
[Round "3.11"]
[White "Schellenberger, Dirk"]
[Black "Schwarz, Matthias"]
[Result "1/2-1/2"]
[WhiteElo "1913"]
[BlackElo "1291"]
[PlyCount "58"]
[EventDate "2022.??.??"]

1. Nf3 d6 2. d4 Nf6 3. c4 g6 4. Nc3 Bg7 5. e4 O-O 6. Be2 Bg4 7. O-O Nbd7 8. Be3
e5 9. d5 c6 10. Nd2 Bxe2 11. Qxe2 cxd5 12. cxd5 a6 13. b4 Rc8 14. Rfc1 Ne8 15.
a4 a5 16. bxa5 Qxa5 17. Nc4 Qa6 18. Nb5 Nc5 19. Bxc5 Rxc5 20. Qe3 f5 21. f3
fxe4 22. fxe4 Rf4 23. g3 Rf8 24. Nbxd6 Rc7 25. Nxe8 Rxc4 26. Rxc4 Qxc4 27. Nd6
Qb4 28. Nb5 Qb2 29. Rd1 Bh6 1/2-1/2

[Event "15.Offene Südharz-Meisterschaft"]
[Site "Schloss Mansfeld"]
[Date "2022.12.17"]
[Round "3.12"]
[White "Stoeber, Guido"]
[Black "Doerge, Sven"]
[Result "0-1"]
[WhiteElo "1391"]
[BlackElo "1911"]
[PlyCount "50"]
[EventDate "2022.??.??"]

1. e4 Nf6 2. e5 Nd5 3. d4 d6 4. Nf3 Bf5 5. c3 e6 6. Bd3 Bxd3 7. Qxd3 Nc6 8. O-O
Nb6 9. Rd1 Qd7 10. Bg5 h6 11. Be3 O-O-O 12. exd6 Bxd6 13. Nbd2 f5 14. Nc4 Nxc4
15. Qxc4 g5 16. Qe2 Qf7 17. Ne5 Bxe5 18. dxe5 g4 19. Bf4 Qe7 20. Qe3 Rxd1+ 21.
Rxd1 Rd8 22. Rxd8+ Qxd8 23. Qc1 h5 24. g3 Qd5 25. c4 Qe4 0-1

[Event "15.Offene Südharz-Meisterschaft"]
[Site "Schloss Mansfeld"]
[Date "2022.12.17"]
[Round "3.14"]
[White "Groebel, Aaron"]
[Black "Loeffelholz, Simon"]
[Result "1-0"]
[WhiteElo "2102"]
[BlackElo "1072"]
[PlyCount "39"]
[EventDate "2022.??.??"]

1. e4 e5 2. Nf3 f5 3. Nxe5 Qf6 4. Nc4 fxe4 5. Nc3 Qf7 6. d4 Nf6 7. Ne5 Qe6 8.
Bg5 g6 9. Bc4 Qf5 10. Bxf6 Qxf6 11. Nxe4 Qf5 12. Bd3 Qe6 13. O-O Bg7 14. Qf3 d5
15. Ng5 Qf6 16. Qxd5 Qxg5 17. Qf7+ Kd8 18. Qxg7 Bh3 19. Nf7+ Ke8 20. Nxg5 1-0

[Event "15.Offene Südharz-Meisterschaft"]
[Site "Schloss Mansfeld"]
[Date "2022.12.18"]
[Round "4.1"]
[White "Udelnov, Valentin"]
[Black "Lehmann, Taylor"]
[Result "1/2-1/2"]
[WhiteElo "1960"]
[BlackElo "1780"]
[PlyCount "93"]
[EventDate "2022.??.??"]

1. e4 d5 2. exd5 Nf6 3. Bb5+ Bd7 4. Bxd7+ Qxd7 5. d4 Nxd5 6. Nf3 g6 7. Ne5 Qf5
8. O-O Nc6 9. Nxc6 bxc6 10. c3 Bg7 11. Na3 Nb6 12. Nc2 O-O 13. Ne3 Qd7 14. Re1
Rfd8 15. Qf3 h5 16. Nc2 a5 17. b3 Nd5 18. Ba3 Re8 19. Rad1 e6 20. c4 Nb6 21.
Re3 a4 22. Bc5 axb3 23. axb3 Rad8 24. Red3 Bf8 25. Nb4 Bd6 26. Nxc6 Ra8 27. Ne5
Qe7 28. Qc6 Reb8 29. Rf3 Rf8 30. Bxb6 Bxe5 31. dxe5 Qd8 32. Qd6 cxb6 33. Rfd3
Qb8 34. g3 Qb7 35. b4 Rfc8 36. Rc3 Rc7 37. c5 bxc5 38. Rxc5 Rac8 39. Rdc1 Rxc5
40. Rxc5 Ra8 41. Qc6 Ra1+ 42. Kg2 Qxb4 43. Qe8+ Kg7 44. Rc8 Qe4+ 45. Kh3 Qg4+
46. Kg2 Qe4+ 47. Kh3 1/2-1/2

[Event "15.Offene Südharz-Meisterschaft"]
[Site "Schloss Mansfeld"]
[Date "2022.12.18"]
[Round "4.2"]
[White "Ziegenfuss, Antonia"]
[Black "Kraus, Sebastian"]
[Result "1/2-1/2"]
[WhiteElo "2154"]
[BlackElo "1995"]
[PlyCount "112"]
[EventDate "2022.??.??"]

1. d4 d5 2. c4 e6 3. Nc3 a6 4. cxd5 exd5 5. Bf4 Nf6 6. e3 c5 7. Bd3 c4 8. Bc2
b5 9. Nge2 Bb7 10. O-O Be7 11. Ng3 O-O 12. f3 Nc6 13. Nce2 Re8 14. e4 dxe4 15.
fxe4 Qb6 16. Kh1 Rad8 17. Be3 Nb4 18. Bb1 Bf8 19. Nc3 Qe6 20. e5 Nd3 21. Bxd3
cxd3 22. exf6 Qxe3 23. Nf5 Qg5 24. d5 b4 25. fxg7 Bxg7 26. Nxg7 Qxg7 27. Rf3
Kh8 28. Rxd3 bxc3 29. bxc3 Re5 30. c4 Rde8 31. Qf1 Re3 32. Rxe3 Rxe3 33. Rd1
Re5 34. Qf3 Rg5 35. Rf1 Kg8 36. Qf6 Qxf6 37. Rxf6 Rg6 38. Rf4 Kf8 39. Rd4 Rb6
40. h3 Rb1+ 41. Kh2 Rc1 42. Kg3 a5 43. Rh4 Rc2 44. a4 Ba6 45. Rxh7 Bxc4 46. d6
Ke8 47. Rh5 Bf1 48. Re5+ Kd8 49. Rxa5 Rxg2+ 50. Kf3 Rg6 51. Ra8+ Kd7 52. Ra7+
Ke8 53. Ra8+ Kd7 54. Ra7+ Ke6 55. Re7+ Kxd6 56. Rxf7 Bxh3 1/2-1/2

[Event "15.Offene Südharz-Meisterschaft"]
[Site "Schloss Mansfeld"]
[Date "2022.12.18"]
[Round "4.3"]
[White "Duzy, Stefan"]
[Black "Syre, Christian"]
[Result "0-1"]
[WhiteElo "1975"]
[BlackElo "2154"]
[PlyCount "94"]
[EventDate "2022.??.??"]

1. e4 e5 2. f4 d5 3. exd5 e4 4. d3 Nf6 5. dxe4 Nxe4 6. Nf3 Bc5 7. Qe2 Bf2+ 8.
Kd1 Qxd5+ 9. Nfd2 f5 10. Nc3 Qd4 11. Ncxe4 fxe4 12. Qxe4+ Qxe4 13. Nxe4 Bb6 14.
c3 Nc6 15. Kc2 Bf5 16. Bd3 O-O 17. Ng5 Bxd3+ 18. Kxd3 Rfe8 19. Nf3 Rad8+ 20.
Kc4 Re4+ 21. Kb3 Na5+ 22. Ka3 Nc4+ 23. Kb3 Na5+ 24. Ka3 Bc5+ 25. b4 Bd6 26. Re1
Rxe1 27. Nxe1 Re8 28. Nf3 Re2 29. Ne5 b5 30. g3 Bxe5 31. bxa5 Bxc3 32. Rb1 a6
33. Kb3 Bxa5 34. Rb2 Rxb2+ 35. Bxb2 c5 36. Be5 c4+ 37. Kc2 g6 38. g4 Kf7 39. f5
gxf5 40. gxf5 Bd8 41. Kd2 Bf6 42. Bf4 Bd4 43. Bg5 Ke8 44. Ke2 b4 45. Kd1 a5 46.
Kc2 a4 47. Kb1 b3 0-1

[Event "15.Offene Südharz-Meisterschaft"]
[Site "Schloss Mansfeld"]
[Date "2022.12.18"]
[Round "4.4"]
[White "Doerge, Sven"]
[Black "Haubold, Christian"]
[Result "1/2-1/2"]
[WhiteElo "1911"]
[BlackElo "2006"]
[PlyCount "51"]
[EventDate "2022.??.??"]

1. e4 e5 2. Nf3 Nc6 3. Bc4 Bc5 4. c3 Nf6 5. d3 O-O 6. O-O d5 7. exd5 Nxd5 8.
Re1 Bg4 9. Nbd2 Nb6 10. Ne4 Bd6 11. Bb3 Na5 12. Bc2 h6 13. Ng3 f5 14. h3 f4 15.
Ne4 Bh5 16. d4 Nc6 17. Qd3 Bg6 18. d5 Nb8 19. c4 Na6 20. Bd2 Nc5 21. Qe2 Bxe4
22. Bxe4 Nxe4 23. Qxe4 Nd7 24. Qc2 Qf6 25. b4 b6 26. Bc3 1/2-1/2

[Event "15.Offene Südharz-Meisterschaft"]
[Site "Schloss Mansfeld"]
[Date "2022.12.18"]
[Round "4.5"]
[White "Ziegenfuss, Holger"]
[Black "Rohde, Niclas"]
[Result "0-1"]
[WhiteElo "2002"]
[BlackElo "1942"]
[PlyCount "72"]
[EventDate "2022.??.??"]

1. e4 c5 2. Nc3 d6 3. f4 Nc6 4. Nf3 g6 5. Bb5 Bd7 6. a4 Bg7 7. O-O e6 8. Bd3
Nge7 9. Nb5 Qb8 10. c3 O-O 11. Bb1 a6 12. Na3 b5 13. d3 d5 14. Nc2 b4 15. Bd2
Rd8 16. Qe1 dxe4 17. dxe4 Na5 18. cxb4 Nb3 19. Ra2 Nxd2 20. Nxd2 cxb4 21. Nb3
Nc6 22. Qe3 Be8 23. Kh1 Ra7 24. Ne1 Nd4 25. e5 Nxb3 26. Qxb3 Bc6 27. Qe3 Qa8
28. b3 Rad7 29. Rff2 Bf8 30. Bd3 Bd5 31. Be2 Rc8 32. Rc2 Rdc7 33. Rxc7 Rxc7 34.
Qd3 Rc3 35. Qxa6 Rxb3 36. Qxa8 Bxa8 0-1

[Event "15.Offene Südharz-Meisterschaft"]
[Site "Schloss Mansfeld"]
[Date "2022.12.18"]
[Round "4.6"]
[White "Dreke, Frank"]
[Black "Ziervogel, Alexander"]
[Result "1/2-1/2"]
[WhiteElo "1939"]
[BlackElo "1841"]
[PlyCount "138"]
[EventDate "2022.??.??"]

1. e4 c6 2. c4 d5 3. cxd5 cxd5 4. exd5 Nf6 5. d4 Nxd5 6. Nc3 e6 7. Nf3 Be7 8.
Bb5+ Bd7 9. Bc4 Bc6 10. O-O O-O 11. Ne5 Nd7 12. Nxc6 bxc6 13. Kh1 Rb8 14. f4
Rb4 15. Bb3 Bf6 16. Ne4 Rxd4 17. Nxf6+ Qxf6 18. Qc2 Rc8 19. Bxd5 Rxd5 20. Bd2
Nc5 21. Be3 Nd3 22. Rab1 c5 23. b3 Rcd8 24. Qc4 Qf5 25. Bg1 h6 26. Be3 Qg6 27.
Bg1 a5 28. Be3 Qf5 29. Kg1 Nb4 30. Qe2 Qe4 31. Qf3 Qxf3 32. Rxf3 Nxa2 33. Ra1
Rd1+ 34. Rf1 Rxf1+ 35. Kxf1 Nc3 36. Rxa5 Rb8 37. Bxc5 Rxb3 38. Ra8+ Kh7 39. Bd4
Nd5 40. Ra7 Kg6 41. g3 Rd3 42. Bc5 Rd2 43. Bf2 Rc2 44. Kg2 Nf6 45. Kf3 h5 46.
h3 Rc3+ 47. Kg2 Ne4 48. Ra2 Rd3 49. g4 hxg4 50. hxg4 Rd2 51. Rxd2 Nxd2 52. Be3
Nc4 53. Bd4 f6 54. Kf3 e5 55. Bc3 Kf7 56. Ke4 Ke6 57. fxe5 fxe5 58. Ba1 g6 59.
Bc3 Nd6+ 60. Kf3 Kd5 61. Ke3 Nc4+ 62. Kf3 g5 63. Bb4 e4+ 64. Kf2 Ke5 65. Kg3 e3
66. Kf3 Kd4 67. Be7 Ne5+ 68. Ke2 Nf7 69. Ba3 Nh6 1/2-1/2

[Event "15.Offene Südharz-Meisterschaft"]
[Site "Schloss Mansfeld"]
[Date "2022.12.18"]
[Round "4.7"]
[White "Kasper, Mike"]
[Black "Groebel, Aaron"]
[Result "0-1"]
[WhiteElo "1670"]
[BlackElo "2102"]
[PlyCount "68"]
[EventDate "2022.??.??"]

1. e4 Nf6 2. Nc3 d5 3. exd5 Nxd5 4. Nxd5 Qxd5 5. Nf3 c6 6. d4 Bg4 7. Be2 Nd7 8.
Bf4 e6 9. O-O Be7 10. Re1 O-O 11. h3 Bf5 12. Bh2 Bf6 13. c3 Rac8 14. Qb3 Qxb3
15. axb3 a6 16. Bf1 Rfd8 17. Bd6 h6 18. Nd2 c5 19. dxc5 Nxc5 20. Bf4 Rxd2 21.
Bxd2 Nxb3 22. Rad1 Bc2 23. Be3 Bxd1 24. Rxd1 Rd8 25. Be2 b5 26. Bb6 Rxd1+ 27.
Bxd1 Nd2 28. Be3 Nc4 29. Bc1 Kf8 30. Bf3 Bg5 31. Bxg5 hxg5 32. Bb7 a5 33. Ba6
Nxb2 34. Bxb5 a4 0-1

[Event "15.Offene Südharz-Meisterschaft"]
[Site "Schloss Mansfeld"]
[Date "2022.12.18"]
[Round "4.8"]
[White "Herter, Arne"]
[Black "Stieber, Mike"]
[Result "1-0"]
[WhiteElo "1981"]
[BlackElo "1636"]
[PlyCount "83"]
[EventDate "2022.??.??"]

1. e4 e6 2. d4 d5 3. Nd2 c5 4. c3 Nc6 5. Bb5 cxd4 6. cxd4 Bd7 7. Ne2 dxe4 8.
Nxe4 Nf6 9. Nxf6+ Qxf6 10. O-O a6 11. Ba4 b5 12. Bc2 Nb4 13. Be4 Rb8 14. Bf4
Rd8 15. Bc7 Rc8 16. Be5 Qd8 17. Bb7 f6 18. Bxc8 Bxc8 19. Bg3 Bd6 20. Nc3 Bxg3
21. hxg3 O-O 22. a3 Nd5 23. Ne4 Qb6 24. Nc5 Rd8 25. Re1 Kf7 26. Qh5+ Kg8 27.
Re4 f5 28. Re2 Nf6 29. Qh4 a5 30. Rae1 Rd6 31. f3 Kf7 32. Re5 b4 33. Qf4 bxa3
34. bxa3 h6 35. Qd2 Qd8 36. Qb2 Rb6 37. Qc3 Rd6 38. Kh2 f4 39. gxf4 Nd5 40. Qd2
Qh4+ 41. Kg1 Qg3 42. Ne4 1-0

[Event "15.Offene Südharz-Meisterschaft"]
[Site "Schloss Mansfeld"]
[Date "2022.12.18"]
[Round "4.9"]
[White "Niederdorfer, Mathias"]
[Black "Zehe, Marc-Kevin"]
[Result "1-0"]
[WhiteElo "1619"]
[BlackElo "1920"]
[PlyCount "73"]
[EventDate "2022.??.??"]

1. e4 c5 2. d4 cxd4 3. c3 d3 4. Bxd3 Nc6 5. Nf3 d6 6. c4 Nf6 7. Nc3 Bg4 8. h3
Bd7 9. Bg5 e6 10. O-O Be7 11. Bc2 Qb6 12. Rb1 Nb4 13. Bb3 Na6 14. e5 dxe5 15.
Nxe5 Nc5 16. Na4 Bxa4 17. Bxa4+ Kf8 18. b4 Nce4 19. Nd7+ Nxd7 20. Bxe7+ Kxe7
21. Qxd7+ Kf8 22. c5 Qd8 23. Qxb7 Nc3 24. Rbd1 Nxd1 25. Rxd1 Qc8 26. Qxc8+ Rxc8
27. Rd7 g6 28. Rxa7 Kg7 29. Bd7 Rb8 30. b5 Rhd8 31. a4 Kf6 32. c6 Rb6 33. Rb7
Rxb7 34. cxb7 Rb8 35. Bc6 Ke5 36. a5 Kd4 37. a6 1-0

[Event "15.Offene Südharz-Meisterschaft"]
[Site "Schloss Mansfeld"]
[Date "2022.12.18"]
[Round "4.10"]
[White "Steudner, Reinhold"]
[Black "Schellenberger, Dirk"]
[Result "0-1"]
[WhiteElo "1598"]
[BlackElo "1913"]
[PlyCount "62"]
[EventDate "2022.??.??"]

1. d4 Nf6 2. Nc3 d5 3. Bg5 Nbd7 4. e3 e6 5. Bd3 Be7 6. Nf3 O-O 7. O-O c5 8.
dxc5 Nxc5 9. Rc1 a6 10. a3 b5 11. h3 Bb7 12. Bf4 Rc8 13. Qe2 Qb6 14. Be5 Ncd7
15. Bh2 Bxa3 16. Nxd5 Bxd5 17. bxa3 Bc4 18. Ne5 Qc5 19. Nxd7 Nxd7 20. Bxc4 Qxc4
21. Qd3 Nb6 22. Rfd1 f6 23. Qd6 Rc6 24. Qe7 Nd5 25. Qb7 Rf7 26. Qb8+ Rc8 27.
Qd6 Nc3 28. Re1 Ne2+ 29. Rxe2 Qxe2 30. Qxe6 Rxc2 31. Bd6 Qxf2+ 0-1

[Event "15.Offene Südharz-Meisterschaft"]
[Site "Schloss Mansfeld"]
[Date "2022.12.18"]
[Round "4.11"]
[White "Kaschuba, Juergen"]
[Black "Schulemann, Gero"]
[Result "0-1"]
[WhiteElo "1587"]
[BlackElo "1857"]
[PlyCount "68"]
[EventDate "2022.??.??"]

1. Nc3 Nf6 2. Nf3 d5 3. d4 Bf5 4. Bg5 h6 5. Bxf6 exf6 6. e3 Bb4 7. Bd3 Bxd3 8.
Qxd3 O-O 9. O-O Re8 10. Ne2 Bd6 11. Nh4 Nd7 12. Nf5 Nf8 13. Nxd6 Qxd6 14. c4
Rad8 15. c5 Qd7 16. b4 b6 17. Qa6 bxc5 18. bxc5 c6 19. Rfb1 Rb8 20. h3 Ng6 21.
Rb3 Nh4 22. Rab1 Rxb3 23. Rxb3 Qe6 24. Ng3 f5 25. f4 g5 26. Qf1 Qg6 27. Qf2 Re7
28. Ne2 Qe6 29. g3 Ng6 30. Kg2 Qe4+ 31. Qf3 Qc2 32. Rb8+ Kg7 33. Rc8 gxf4 34.
gxf4 Nh4+ 0-1

[Event "15.Offene Südharz-Meisterschaft"]
[Site "Schloss Mansfeld"]
[Date "2022.12.18"]
[Round "4.12"]
[White "Schmidt, Alexander"]
[Black "Schlegel, Hagen"]
[Result "1/2-1/2"]
[WhiteElo "1845"]
[BlackElo "1623"]
[PlyCount "90"]
[EventDate "2022.??.??"]

1. e4 c6 2. Nc3 d5 3. Nf3 dxe4 4. Nxe4 Nf6 5. Ng3 g6 6. d4 Bg7 7. Bc4 O-O 8.
O-O Bg4 9. c3 Nbd7 10. Re1 Nb6 11. Bb3 h6 12. h3 Bxf3 13. Qxf3 Nbd5 14. Ne4
Nxe4 15. Qxe4 e6 16. Bd2 Qf6 17. c4 Nc7 18. Bf4 Ne8 19. d5 cxd5 20. cxd5 exd5
21. Bxd5 Qd4 22. Qxd4 Bxd4 23. Bxb7 Rd8 24. Bxh6 Ng7 25. Rab1 Rb8 26. Bd5 Rxb2
27. Rxb2 Bxb2 28. Re7 Bd4 29. g4 Bc5 30. Rb7 Bd4 31. Kg2 Bc5 32. Kf3 Bb6 33.
Be3 Bxe3 34. Kxe3 Re8+ 35. Kd3 Ne6 36. Bxe6 Rxe6 37. Rxa7 Re1 38. a4 Rh1 39.
Kc4 Rxh3 40. a5 Rf3 41. Ra8+ Kg7 42. a6 Rxf2 43. a7 Ra2 44. g5 Ra1 45. Kd5 Rd1+
1/2-1/2

[Event "15.Offene Südharz-Meisterschaft"]
[Site "Schloss Mansfeld"]
[Date "2022.12.18"]
[Round "4.13"]
[White "Glock, Benjamin"]
[Black "Gueldenpfennig, Gavin"]
[Result "1-0"]
[WhiteElo "1830"]
[BlackElo "1589"]
[PlyCount "53"]
[EventDate "2022.??.??"]

1. d4 c5 2. d5 Nf6 3. Bg5 Qa5+ 4. c3 Qb6 5. Bc1 e6 6. c4 Qb4+ 7. Nc3 Qxc4 8. e4
Qb4 9. a3 Qb6 10. Nf3 exd5 11. exd5 Be7 12. Bd3 O-O 13. O-O d6 14. Re1 Bd8 15.
h3 a6 16. Qc2 Qc7 17. Bf4 c4 18. Bf1 b5 19. Nd4 Qd7 20. b3 cxb3 21. Qxb3 Ba5
22. Re3 Bb7 23. Rg3 Bxc3 24. Qxc3 Ne4 25. Rxg7+ Kxg7 26. Ne6+ Kg6 27. Qg7+ 1-0

[Event "15.Offene Südharz-Meisterschaft"]
[Site "Schloss Mansfeld"]
[Date "2022.12.18"]
[Round "4.14"]
[White "Gersemann, Karl"]
[Black "Boettcher, Dietmar"]
[Result "1-0"]
[WhiteElo "1812"]
[BlackElo "1585"]
[PlyCount "47"]
[EventDate "2022.??.??"]

1. e4 e5 2. Nf3 Nf6 3. Nxe5 d6 4. Nf3 Nxe4 5. Nc3 Nxc3 6. dxc3 Be7 7. Bd3 Nd7
8. Be3 Ne5 9. Nxe5 dxe5 10. Qe2 Qd5 11. Qf3 Qxf3 12. gxf3 Be6 13. c4 f5 14.
O-O-O Kf7 15. Rhg1 c5 16. Rde1 Bd6 17. b3 a5 18. a4 b6 19. Bd2 Rae8 20. Bc3 Bc8
21. f4 Kf6 22. fxe5+ Bxe5 23. Rxe5 Rxe5 24. f4 1-0

[Event "15.Offene Südharz-Meisterschaft"]
[Site "Schloss Mansfeld"]
[Date "2022.12.18"]
[Round "5.1"]
[White "Syre, Christian"]
[Black "Udelnov, Valentin"]
[Result "1-0"]
[WhiteElo "2154"]
[BlackElo "1960"]
[PlyCount "63"]
[EventDate "2022.??.??"]

1. d4 Nf6 2. Nf3 g6 3. c4 Bg7 4. Nc3 O-O 5. e4 d6 6. h3 e5 7. dxe5 dxe5 8. Qxd8
Rxd8 9. Bg5 Re8 10. Nd5 Nxd5 11. cxd5 f5 12. Rc1 h6 13. Be3 c6 14. Bc4 Kh7 15.
h4 fxe4 16. Ng5+ Kh8 17. Nf7+ Kh7 18. Ng5+ Kh8 19. Nxe4 Rd8 20. dxc6 Nxc6 21.
Ng5 Rf8 22. h5 gxh5 23. Nf7+ Kh7 24. Bd3+ Kg8 25. Nxh6+ Bxh6 26. Bxh6 Rd8 27.
Bc4+ Kh7 28. Rxh5 Kg6 29. Rh4 Bf5 30. Rc3 Rd4 31. Rg3+ Kh7 32. Bf4# 1-0